Botanical latin: history, grammar, syntax, terminology and vocabulary

Guardat en:
Dades bibliogràfiques
Autor principal: Stearn, William Thomas (Autor)
Format: Llibre
Idioma:anglès
Publicat: Portland Timber 1992
Edició:4a. ed
Matèries:
Etiquetes: Afegir etiqueta
Sense etiquetes, Sigues el primer a etiquetar aquest registre!

MARC

LEADER 00000nam a2200000 a 4500
001 UCN6484
003 CL-VaPUC
008 010928e19920000us |||||||||||||||||eng|d
082 0 4 |a 581.014  |b STE  |2 21 
100 0 |a Stearn, William Thomas  |e author  |9 462130 
245 1 0 |a Botanical latin: history, grammar, syntax, terminology and vocabulary 
250 |a 4a. ed 
300 |a 546 p 
942 |c BK 
945 |d 20010928 00:00:00  |a vberengu 
260 |a Portland  |b Timber  |c 1992 
650 7 |a BOTANICA - TERMINOLOGIA  |2 CL-VaPUC  |9 462131 
583 |a last modification  |c 20171218 06:19:32  |k Rodrigo Vera 
999 |c 297237  |d 297235 
952 |0 0  |1 0  |4 0  |6 581_014000000000000_STE_1992  |7 0  |8 A  |9 351783  |a BIBAGR  |b BIBAGR  |d 2019-11-21  |i 3751872  |o 581.014 STE 1992  |p 3751872  |r 2025-01-20  |w 2019-11-21  |y BK  |k AGR